000 00724nam a2200289Ia 4500
005 20260324133403.0
008 008 260324s9999 xx 000 0 eng d
020 _a9780429232916
037 _aEBOOK
040 _aCRL
040 _beng
040 _cCRL
041 _2eng
041 _aeng
084 _qCRL
100 _aPeter Grossman; Daniel H. Cole
_91192907
245 4 _aThe End of a Natural Monopoly
245 0 _bDeregulation and Competition in the Electric Power Industry
260 _bTaylor and Francis
260 _c2003
365 _a
365 _b290
856 _uhttp://www.taylorfrancis.com/books/9780429232916
942 _cEBOOK
999 _c1791885
_d1791885